WM Gruppen 2014 - Statistiken

Allgemein
  • Dieses Quiz wurde 616 mal gespielt
  • Das Durchschnittsergebnis liegt bei 25 aus 32
Antwortstatistiken
GRUPPE Antwort % Korrekt
A Brasilien
99%
G Deutschland
99%
B Spanien
96%
F Argentinien
95%
G Portugal
94%
G USA
94%
E Frankreich
93%
D Italien
92%
B Niederlande
92%
D England
90%
G Ghana
89%
C Japan
86%
A Mexiko
85%
C Kolumbien
84%
B Australien
83%
H Algerien
79%
H Russland
79%
D Uruguay
79%
E Schweiz
78%
H Belgien
77%
B Chile
77%
A Kroatien
77%
H Südkorea
77%
D Costa Rica
69%
F Nigeria
68%
A Kamerun
67%
C Griechenland
59%
F Iran
59%
C Elfenbeinküste
55%
E Ecuador
54%
E Honduras
48%
F Bosnien-H.
45%
Keine übereinstimmenden Quizze gefunden
Verteilung der Resultate
Anzahl Personen mit jedem Resultat
Perzentil nach korrekt beantworteten Fragen
Ihre Resultats-Entwicklung
Sie haben dieses Quiz noch nicht gespielt